Valtiot, joiden nimessä on W - Statistics

Yleistilastot
  • Tätä visaa on pelattu 1 810 kertaa
  • Keskiarvotulos 3 / 6
Vastaustilastot
valtio % Oikein
Zimbabwe
68%
Eswatini
60%
Malawi
55%
Botswana
53%
Kuwait
47%
Taiwan
47%
Ehtoja vastaavia visoja ei löytynyt
Tulosjakauma
Jokaisen tuloksen saaneiden osuus
Persentiili vastausten määrän mukaan
Tuloshistoriasi
Et ole pelannut tätä visaa